Statystyki dla Rzeczownik zaczynający się od sylaby "char/har-".

Kliknij tutaj aby rozwiązać quiz!

Ogólne statystyki

  • Ten quiz został rozwiązany 27 razy
  • Średni wynik to 2 z 7

Statystyki odpowiedzi

Odpowiedź% Poprawnych
Charakter
68%
Harmonia
48%
Harcerz
44%
Harfa
28%
Harmonijka
24%
Harmonogram
24%
Harnaś
12%

Rozkład punktacji

Percentyl według liczby udzielonych odpowiedzi

Procent ludzi z każdym wynikiem

Twoja historia wyników

Nie rozwiązałeś tego quizu